The other southwest (Record no. 10096)

MARC details
000 -CABECERA
campo de control de longitud fija 01083nam a2200265 a 4500
001 - NÚMERO DE CONTROL
campo de control BRL_1284
005 - FECHA Y HORA DE LA ÚLTIMA TRANSACCIÓN
campo de control 20190320211128.0
008 - DATOS DE LONGITUD FIJA--INFORMACIÓN GENERAL
campo de control de longitud fija 191213c1977----u--aob####---#000-0#eng-#
041 ## - CÓDIGO DE LENGUA
Código de lengua del texto/banda sonora o título independiente eng
044 ## - CÓDIGO DEL PAÍS DE LA ENTIDAD EDITORA/PRODUCTORA
Código MARC del país u
050 #4 - SIGNATURA TOPOGRÁFICA DE LA BIBLIOTECA DEL CONGRESO
Número de clasificación F1219.3.A7
Número de documento/Ítem .F66 1977
100 1# - ENTRADA PRINCIPAL--NOMBRE DE PERSONA
Nombre de persona Fontana, Bernard L.
9 (RLIN) 25670
245 10 - MENCIÓN DE TÍTULO
Título The other southwest
Resto del título indian Arts and crafts of Northwestern México : prepared in coordination with an exhibiton by The Heard Museum, May 20, 1977 through August 27, 1977
Mención de responsabilidad, etc. by Bernard L. Fontana, Edmond J. B. Faubert [and] Barney T. Burns ; Foreword by Edward H. Spicer.
260 ## - PUBLICACIÓN, DISTRIBUCIÓN, ETC.
Lugar de publicación, distribución, etc. Phoenix, Arizona
Nombre del editor, distribuidor, etc. The Heard Museum
Fecha de publicación, distribución, etc. 1977
Fecha de fabricación/manufactura 1977
300 ## - DESCRIPCIÓN FÍSICA
Extensión 143 p.
Otras características físicas il., láminas, mapas, fotgrafías
Dimensiones 28 cm.
500 ## - NOTA GENERAL
Nota general Au1733
504 ## - NOTA DE BIBLIOGRAFÍA, ETC.
Nota de bibliografía, etc. Bibliografía: p. 141-143
650 14 - PUNTO DE ACCESO ADICIONAL DE MATERIA--TÉRMINO DE MATERIA
Término de materia o nombre geográfico como elemento de entrada Arte indígena
Subdivisión de forma Exposiciones
Subdivisión geográfica Noroeste de Mexico
9 (RLIN) 26385
650 14 - PUNTO DE ACCESO ADICIONAL DE MATERIA--TÉRMINO DE MATERIA
Término de materia o nombre geográfico como elemento de entrada Indígenas del Noroeste de México
Subdivisión de forma Exposiciones
Subdivisión general Artesanías
9 (RLIN) 26386
700 1# - PUNTO DE ACCESO ADICIONAL--NOMBRE DE PERSONA
Nombre de persona Faubert, Edmond J. B.
9 (RLIN) 26387
700 1# - PUNTO DE ACCESO ADICIONAL--NOMBRE DE PERSONA
Nombre de persona Burns, Barney T.
9 (RLIN) 26388
700 1# - PUNTO DE ACCESO ADICIONAL--NOMBRE DE PERSONA
Nombre de persona Spicer, Edward H.
9 (RLIN) 26389
902 ## - CATALOGADOR
Iniciales GRL
942 ## - ELEMENTOS DE PUNTO DE ACCESO ADICIONAL (KOHA)
Fuente del sistema de clasificación o colocación Library of Congress Classification
Tipo de ítem Koha Libros
Holdings
Estado de retiro Estado de pérdida Estado dañado No para préstamo Localización permanente Ubicación/localización actual Fecha de adquisición Número de inventario Total de préstamos Signatura topográfica completa Código de barras Fecha visto por última vez Precio válido a partir de Tipo de ítem Koha
El ejemplar forma parte de la colección y puede ser consultado según las políticas vigentes.       Biblioteca Centro de Estudios Ruth D. Lechuga Biblioteca Centro de Estudios Ruth D. Lechuga 19/12/2013 Au1733   F1219.3.A7 .F66 1977 (Au1733) GRL01418 22/03/2019 22/03/2019 Libros